Технология хранения, переработки и стандартизация продукции растениеводства (Запись № 12010700)

Подробности
000 -МАРКЕР
контрольное поле 02970nam1a2200313 i 4500
001 - ИДЕНТИФИКАТОР ЗАПИСИ
контрольное поле RU\NLR\BIBL_A\011218376
005 - ИДЕНТИФИКАТОР ВЕРСИИ
контрольное поле 20260407220013.0
035 ## - ДРУГИЕ СИСТЕМНЫЕ НОМЕРА
Идентификатор записи (NLR Aleph) 011218376
100 ## - ДАННЫЕ ОБЩЕЙ ОБРАБОТКИ
Данные общей обработки 20160622g20169999um y0rusy50 ca
101 0# - ЯЗЫК РЕСУРСА
Язык текста, звукозаписи и т.д. русский
102 ## - СТРАНА ПУБЛИКАЦИИ ИЛИ ПРОИЗВОДСТВА
Страна публикации Российская Федерация
105 ## - ПОЛЕ КОДИРОВАННЫХ ДАННЫХ: ТЕКСТОВЫЕ МАТЕРИАЛЫ, МОНОГРАФИЧЕСКИЕ
Кодированные данные о монографическом текстовом документе ||||j||||||||
200 1# - ЗАГЛАВИЕ И СВЕДЕНИЯ ОБ ОТВЕТСТВЕННОСТИ
Основное заглавие Технология хранения, переработки и стандартизация продукции растениеводства
Сведения, относящиеся к заглавию учебное пособие
-- для подготовки бакалавров по направлениям 35.03.03 "Агрохимия и агропочвоведение", 35.03.04 "Агрономия"
-- [практикум для студентов учреждений высшего образования, обучающихся по специальностям 1-74.02.01 "Агрономия", 1-74.02.02 "Селекция и семеноводство"] :
Первые сведения об ответственности Рязанский гос. агротехнологический ун-т им. П. А. Костычева [и др.
Последующие сведения об ответственности Виноградов Д. В. д.б.н., проф. и др.]
210 ## - ПУБЛИКАЦИЯ, РАСПРОСТРАНЕНИЕ И ДР.
Место издания, распространения и т.д. Рязань [и др.]
Имя издателя, распространителя и т. д. Федеральное государственное бюджетное образовательное учреждение высшего профессионального образования "Рязанский государственный агротехнологический университет имени П.А. Костычева"
Дата издания, распространения и т.д. 2016
215 ## - ФИЗИЧЕСКАЯ ХАРАКТЕРИСТИКА
Размеры 21
300 ## - ОБЩИЕ ПРИМЕЧАНИЯ
Текст примечания В надзаг. также: Белорус. гос. с.-х. акад., Гродн. гос. аграр. ун-т
606 1# - НАИМЕНОВАНИЕ ТЕМЫ КАК ПРЕДМЕТ
Наименование темы Растительные продукты
Формальный подзаголовок Учебные издания для высших учебных заведений
Тематический подзаголовок Переработка
Системный номер авторитетной/нормативной записи 2085596
Идентификатор авторитетной/нормативной записи RU\NLR\AUTH\661261715
606 1# - НАИМЕНОВАНИЕ ТЕМЫ КАК ПРЕДМЕТ
Наименование темы Растительные продукты
Формальный подзаголовок Учебные издания для высших учебных заведений
Тематический подзаголовок Хранение
Системный номер авторитетной/нормативной записи 2145376
Идентификатор авторитетной/нормативной записи RU\NLR\AUTH\661292585
606 1# - НАИМЕНОВАНИЕ ТЕМЫ КАК ПРЕДМЕТ
Наименование темы Растительные продукты
Формальный подзаголовок Учебные издания для высших учебных заведений
Тематический подзаголовок Стандартизация
Системный номер авторитетной/нормативной записи 2280127
Идентификатор авторитетной/нормативной записи RU\NLR\AUTH\661366145
675 ## - УНИВЕРСАЛЬНАЯ ДЕСЯТИЧНАЯ КЛАССИФИКАЦИЯ (UDC/УДК)
Индекс 663/664
686 1# - ИНДЕКСЫ ДРУГИХ КЛАССИФИКАЦИЙ
Индекс Л91я73-1
702 #1 - ИМЯ ЛИЦА - ВТОРИЧНАЯ ОТВЕТСТВЕННОСТЬ
Код отношения Составитель
Начальный элемент ввода Виноградов
Часть имени, кроме начального элемента ввода Д.В.
Дополнения к именам, кроме дат д-р биол. наук, канд. с.-х. наук
Расширение инициалов личного имени Дмитрий Валериевич
Системный номер авторитетной/нормативной записи 127583
Идентификатор авторитетной/нормативной записи RU\NLR\AUTH\770127608
712 02 - НАИМЕНОВАНИЕ ОРГАНИЗАЦИИ - ВТОРИЧНАЯ ОТВЕТСТВЕННОСТЬ
Код отношения Прочие
Начальный элемент ввода Рязанский государственный агротехнологический университет им. П. А. Костычева
Идентификатор авторитетной/нормативной записи RU\NLR\AUTH\8810146240
Системный номер авторитетной/нормативной записи 786834
712 02 - НАИМЕНОВАНИЕ ОРГАНИЗАЦИИ - ВТОРИЧНАЯ ОТВЕТСТВЕННОСТЬ
Код отношения Прочие
Начальный элемент ввода Белорусская государственная сельскохозяйственная академия
Идентифицирующий признак Горки
Идентификатор авторитетной/нормативной записи RU\NLR\AUTH\8816809
Системный номер авторитетной/нормативной записи 306883
852 ## - МЕСТОНАХОЖДЕНИЕ И ШИФР ХРАНЕНИЯ
Идентификатор организации NLR
Шифр хранения (Call Number) 2016-3/19421
942 ## - ДОПОЛНИТЕЛЬНЫЕ ЭЛЕМЕНТЫ ЗАПИСИ (АБИС)
Тип экземпляра АБИС Книга

Нет доступных экземпляров.